[Event "FIDE WWCC 2020"]
[Site "Shanghai"]
[Date "2020.01.05"]
[Round "1.1"]
[White "Goryachkina, Aleksandra"]
[Black "Ju, Wenjun"]
[Result "1/2-1/2"]
[WhiteElo "2578"]
[BlackElo "2584"]
[Annotator "TA"]
[PlyCount "193"]
[EventDate "2020.01.05"]
[EventType "match"]
[EventCountry "CHN"]
[SourceTitle "playchess.com"]
[Source "ChessBase"]
[SourceQuality "1"]

{[%evp 18,193,12,0,18,1,5,7,20,20,10,0,0,0,0,0,0,0,0,-3,0,0,0,0,0,0,0,0,0,-1,0,0,0,0,0,0,0,0,0,0,0,0,0,0,0,0,0,0,0,0,0,0,8,0,33,33,33,35,62,68,69,69,75,66,102,95,106,22,103,28,85,0,0,0,0,0,0,0,8,0,8,8,17,8,8,8,8,0,443,442,443,412,287,0,8,8,8,0,0,0,0,0,0,0,0,0,0,0,0,0,0,0,0,0,0,0,434,419,419,412,379,372,221,8,8,8,8,8,8,8,8,8,8,8,31,0,0,0,8,8,93,93,93,75,72,0,8,0,4,5,4,0,7,7,0,0,7,7,7,0,0,0,0,0,0,0,0,0,0,0,0,0,0,0,0,0,0,0]} 1. d4 Nf6 2. c4 e6 3. Nf3 d5 4. Nc3 Be7 5. g3 O-O 6. Bg2 dxc4 7. Ne5 c5 8. dxc5 Qxd1+ 9. Nxd1 Bxc5 10. O-O Nc6 {E06: Closed Catalan: Early deviations} 11. Bxc6 bxc6 12. Be3 Bb6 13. Bxb6 axb6 {[#]} 14. Nxc6 $146 ({Predecessor:} 14. Nc3 Bd7 15. Rfd1 Ra7 16. Rd6 Rc8 17. Nxc4 Be8 18. Nxb6 {½-½ (31) Ponomariov,R (2648)-Dominguez Perez,L (2762) Budva 2019}) 14... Bb7 15. Nb4 Nd5 16. Nxd5 Bxd5 17. Nc3 Bc6 18. Rfd1 Rfd8 19. f3 Kf8 20. Kf2 Ke7 21. Rxd8 Rxd8 $11 {[%mdl 4096] Endgame KRB-KRN} 22. Ke3 e5 23. Rd1 Ra8 24. a3 Ke6 25. Na2 Ba4 26. Rd2 f6 27. Kf2 Bc6 28. e4 g6 29. Ke3 f5 30. exf5+ gxf5 31. f4 h5 32. fxe5 Kxe5 33. Rd4 b5 34. Nc3 Ra7 35. Ne2 Be8 36. Rd8 Re7 37. Nf4 Kf6+ 38. Kd2 Re5 39. Nd5+ Kf7 40. Rd6 Bc6 41. Nf4 ({Much weaker is} 41. Rxc6 $6 Rxd5+ 42. Ke1 Re5+ 43. Kf1 Re3 $11) 41... Bf3 42. h4 (42. Rh6 $16) 42... Bg4 (42... Ke7 $11 43. Ra6 Kd7) 43. Rd5 ({Better is} 43. Ra6 $16) 43... Kf6 (43... Rxd5+ $11 {keeps the balance.} 44. Nxd5 Ke6) 44. Rxe5 (44. Rd7 $16) 44... Kxe5 $16 {KB-KN} 45. Ke3 Bd1 46. Ng6+ Kf6 47. Nf8 Ke5 48. Nd7+ Ke6 49. Nb8 Kd5 50. Na6 Ke5 51. Nb4 {Black should prevent Na2.} Bg4 52. Nc2 Bd1 $2 {[%mdl 8192]} (52... Kd5 $11 {and Black stays safe.}) 53. Nd4 $18 Ba4 54. Ne2 $1 {[%cal Re2c3]} Bd1 55. Nd4 $2 ({Only move:} 55. Nc3 $1 $18 {[%cal Rc3d1]} Ba4 56. Kf3) 55... Ba4 $11 56. Nc6+ Kd6 57. Nd8 Ke5 58. Nf7+ Ke6 59. Ng5+ Ke5 60. Nh3 Bd1 61. Nf4 Bg4 62. Ng2 Bd1 63. Ne1 Bg4 64. Nc2 {aiming for Nd4.} Bd1 65. Nb4 Ba4 66. Na2 {Nc3 is the strong threat.} Bb3 $2 {[%mdl 8192]} (66... Bd1 $1 $11 {and Black is okay.}) 67. Nc3 $18 Ba4 68. Kf3 Kd4 {[#] And now ...Kd3 would win.} 69. Ke2 $1 {[%cal Re2d2]} Kc5 70. Ke3 $2 (70. Nxa4+ $18 bxa4 71. Ke3) 70... Bc2 $11 71. Ne2 Bd1 $1 {[%cal Rd1e2] Strongly threatening ...Bxe2.} 72. Nd4 Bg4 73. Nc2 Bd1 74. Nb4 Bg4 75. Na2 Bd1 76. Kd2 Bf3 77. Nc3 Bc6 78. Ke3 Bd7 {[#]} (78... Bg2 $11 {remains equal.}) 79. Ne2 $1 $16 b4 80. axb4+ Kxb4 81. Kd2 (81. Nd4 $16) 81... Bc6 {The position is equal.} 82. Nf4 Bf3 83. Ne6 Bg4 84. Kc2 Bf3 85. Nd4 Bg4 86. Kd2 Kc5 87. Ke3 Kd5 88. Nb5 Kc5 89. Nc3 Kb4 90. Kd4 Kb3 91. Nd5 Be2 92. Ne3 Bd3 93. Kc5 Be2 94. Kd5 Bd3 95. Kd4 Be2 96. Kc5 Bd3 97. Kd4 {Accuracy: White = 70%, Black = 62%.} 1/2-1/2

[Event "FIDE WWCC 2020"]
[Site "Shanghai"]
[Date "2020.01.06"]
[Round "2.1"]
[White "Ju, Wenjun"]
[Black "Goryachkina, Aleksandra"]
[Result "1/2-1/2"]
[WhiteElo "2584"]
[BlackElo "2578"]
[Annotator "TA"]
[PlyCount "80"]
[EventDate "2020.01.05"]
[EventType "match"]
[EventCountry "CHN"]
[SourceTitle "playchess.com"]
[Source "ChessBase"]
[SourceQuality "1"]

{[%evp 16,80,16,20,20,8,19,23,22,22,24,18,18,5,16,0,0,0,39,34,55,18,25,11,11,7,10,7,8,0,2,0,0,0,19,9,10,8,12,10,11,10,15,1,14,0,0,0,0,0,0,0,0,0,0,0,0,0,0,0,0,0,0,0,0,0,0]} 1. e4 e5 2. Nf3 Nc6 3. Bb5 Nf6 4. O-O Nxe4 5. Re1 Nd6 6. Nxe5 Be7 7. Bf1 Nxe5 8. Rxe5 O-O 9. d4 Bf6 {C67: Ruy Lopez: Berlin Defence: 4 0-0 Nxe4} 10. Re2 Nc4 11. b3 Nb6 {White has an edge.} 12. c3 c6 $146 ({Predecessor:} 12... d5 13. Re1 Re8 14. Rxe8+ Qxe8 15. a4 Be6 16. Na3 Nc8 17. Bf4 {0-1 (69) Fedoseev,V (2724)-Kramnik,V (2777) Wijk aan Zee 2019}) 13. Nd2 {[%cal Bb1d2,Bd2f3,Bf3e5][%mdl 32]} d5 14. h3 Bf5 15. Nf3 Be4 16. Ne5 Bg5 17. f3 Bf5 18. Bxg5 Qxg5 19. Qc1 Qxc1 {The position is equal.} 20. Rxc1 f6 21. Ng4 h5 22. Ne3 Bd3 23. Ree1 Bxf1 24. Kxf1 g6 25. g4 hxg4 26. hxg4 Kf7 27. Kf2 Rh8 28. Rh1 Rae8 29. Ng2 Nc8 30. Nf4 Nd6 31. Nd3 g5 32. a4 a5 33. Rxh8 Rxh8 $11 {[%mdl 4096] Endgame KRN-KRN} 34. Kg2 Re8 35. Kf2 Rh8 36. Kg2 Re8 37. Kf2 Rh8 38. Kg2 Re8 39. Kf2 Rh8 40. Kg2 Re8 {Accuracy: White = 55%, Black = 74%.} 1/2-1/2

[Event "FIDE WWCC 2020"]
[Site "Shanghai"]
[Date "2020.01.08"]
[Round "3.1"]
[White "Goryachkina, Aleksandra"]
[Black "Ju, Wenjun"]
[Result "1/2-1/2"]
[WhiteElo "2578"]
[BlackElo "2584"]
[Annotator "TA"]
[PlyCount "169"]
[EventDate "2020.01.05"]
[EventType "match"]
[EventCountry "CHN"]
[SourceTitle "playchess.com"]
[Source "ChessBase"]
[SourceQuality "1"]

{[%evp 21,169,0,26,24,25,23,25,9,10,10,19,16,25,22,52,-2,3,0,18,26,19,14,33,26,39,-53,36,39,44,0,0,0,0,-8,28,0,0,0,56,0,62,10,83,83,82,82,76,83,79,66,66,65,89,70,82,64,76,9,9,9,9,9,9,9,9,9,9,9,64,9,9,9,9,0,0,0,0,0,0,0,0,0,0,0,0,0,0,0,0,0,0,0,0,0,18,0,18,18,18,18,18,18,18,18,18,18,18,18,18,18,18,18,18,18,18,18,18,18,18,0,18,18,18,18,18,0,0,0,0,0,0,0,0,0,0,0,0,0,0,0,0,0,0,0,0,0,0,0,0,0]} 1. d4 Nf6 2. c4 e6 3. Nf3 d5 4. Nc3 c5 5. cxd5 Nxd5 6. e4 Nxc3 7. bxc3 cxd4 8. cxd4 Bb4+ 9. Bd2 Bxd2+ 10. Qxd2 O-O 11. Bc4 Nd7 12. O-O {D41: Queen's Gambit Declined: Semi-Tarrasch with 5 cxd5} b6 13. a4 (13. Rad1 Bb7 14. Rfe1 Rc8 15. Bb3 h6 16. h3 Qc7 17. d5 {½-½ (17) Mamedyarov,S (2772)-Wang,H (2756) Moscow 2019}) 13... Bb7 14. Rfe1 {White has an edge.} Rc8 15. Bd3 a5 16. Qb2 Qe7 17. Nd2 Rfd8 {[#]} 18. Rab1 $146 (18. Rac1 $14) ({Predecessor:} 18. Bf1 Rc7 19. Rac1 Rdc8 20. Rxc7 Rxc7 {½-½ (69) Moranda,W (2572)-Kveinys,A (2491) Polanica Zdroj 2013}) 18... Bc6 19. Bc2 h6 20. Nf1 Qg5 21. Ne3 Ba8 22. f3 Rc7 23. Bd3 (23. Rbd1 $14) 23... Rdc8 (23... Ne5 $1 $15 24. dxe5 Rxd3) 24. Ba6 Bb7 25. Bxb7 Rxb7 26. Qf2 Qd8 27. Red1 Nf6 28. d5 {[#] Threatens to win with dxe6.} Rd7 29. Rd4 Qe7 ({Better is} 29... exd5 $11 30. e5 Ne8) 30. Rbd1 (30. Qd2 $1 $14) 30... Rcd8 (30... exd5 $11 31. exd5 Qa3) 31. Nc4 ({White should play} 31. Qd2 $1 $14) 31... exd5 (31... Qc5 $11 {keeps the balance.}) 32. Nxb6 $16 {[%mdl 64] [#] Double Attack} Rb7 33. Nxd5 Nxd5 34. exd5 Qd6 35. h3 Rdb8 36. Qe1 Rb4 37. Re4 g6 38. Kh1 h5 39. Re8+ ({White should try} 39. Qd2 $16) 39... Rxe8 $11 40. Qxe8+ {[%mdl 4096] Endgame KQR-KQR} Kg7 41. Qc6 Qxc6 42. dxc6 {aiming for Rc1. KR-KR} Rc4 43. Rd5 Rxc6 44. Rxa5 Rc1+ 45. Kh2 h4 $1 {The position is equal.} 46. Rd5 Ra1 47. a5 f5 48. g4 Ra2+ 49. Kg1 fxg4 50. hxg4 Kh6 51. Rb5 g5 52. Rb6+ Kg7 53. a6 Kh7 54. Rb7+ Kg6 55. a7 Kh6 56. Kf1 Kg6 57. Ke1 h3 58. Rb2 Ra1+ (58... Rxb2 $5 59. a8=Q $8 h2 60. Qg8+ Kf6 61. Qh8+ Ke6 62. Qh6+ Kd5 63. Qxg5+ Kc4 64. Qg8+ Kc5 65. Qg5+ Kc4 66. Qf4+ Kd5 67. Qg5+ Kd4 68. Qd8+ Ke3 69. Qg5+ Kd4 70. Qg7+ Kc4 71. Qxb2 h1=Q+ {[%mdl 64] Double Attack} 72. Kd2 Qg2+ 73. Kc1 Qf1+ 74. Kd2 Qg2+ 75. Kc1 Qf1+ 76. Kd2 Qg2+ $11) 59. Kf2 {Rb6+ is the strong threat.} h2 60. a8=Q Rxa8 61. Kg2 Rh8 62. Rb1 Ra8 63. Kxh2 Ra2+ 64. Kg3 Rc2 65. Rf1 Ra2 66. Rf2 Ra3 67. Rd2 Ra6 68. Kf2 Re6 69. Re2 Ra6 70. Ke3 Re6+ 71. Kd3 Rd6+ 72. Kc4 Kf6 73. Ra2 Ke5 74. Ra5+ Kf4 75. Rf5+ Kg3 76. Kc3 Rd8 77. Kc4 (77. Rxg5 $5 {[%cal Rg5f5]} Kxf3 78. Rg6 $11) 77... Rd7 78. Kc5 Rd3 79. Rxg5 {Hoping for Rf5.} Rxf3 80. Rg8 Kh4 81. g5 Kh5 82. g6 Kh6 83. Kd5 Rg3 84. Rh8+ Kg7 85. Rh1 {Accuracy: White = 51%, Black = 66%.} 1/2-1/2

[Event "FIDE WWCC 2020"]
[Site "Shanghai"]
[Date "2020.01.09"]
[Round "4.1"]
[White "Ju, Wenjun"]
[Black "Goryachkina, Aleksandra"]
[Result "1-0"]
[WhiteElo "2584"]
[BlackElo "2578"]
[Annotator "TA"]
[PlyCount "125"]
[EventDate "2020.01.05"]
[EventType "match"]
[EventCountry "CHN"]
[SourceTitle "playchess.com"]
[Source "ChessBase"]
[SourceQuality "1"]

{[%evp 16,125,24,22,27,12,16,16,16,18,23,16,24,19,20,20,19,20,19,20,19,22,19,19,24,16,16,16,15,16,31,12,16,19,20,19,40,20,25,22,22,22,16,14,19,20,58,36,42,2,3,0,15,9,62,56,80,8,9,2,3,0,0,0,0,0,26,27,33,2,2,2,2,6,114,0,155,0,100,113,143,2,25,27,37,2,155,155,155,154,155,200,164,196,155,155,185,175,195,168,162,171,29975,29976,29976,29977,29977,29978,29981,29982,29982,29980]} 1. d4 d5 2. c4 c6 3. Nf3 Nf6 4. Nc3 dxc4 5. a4 e6 6. e3 c5 7. Bxc4 cxd4 8. exd4 Nc6 9. O-O Be7 {D16: Slav Defence: 5 a4: Lines with 5...Bg4 and 5...Na6} 10. d5 (10. Bf4 O-O 11. h3 Nb4 12. Re1 Bd7 13. d5 exd5 14. Bxd5 Nbxd5 15. Nxd5 Nxd5 16. Qxd5 b6 17. Bc7 Qxc7 18. Rxe7 {½-½ (57) Giri,A (2780)-Duda,J (2730) chess.com INT 2019}) 10... exd5 11. Nxd5 Nxd5 {The position is equal.} 12. Bxd5 O-O 13. Be3 Bf5 14. Qb3 {[#]} Nb4 $146 ({Predecessor:} 14... Na5 15. Qa2 Nc6 16. Rfd1 Qa5 17. Qb3 {½-½ (47) Al Yaghshi,M (2056)-Kuybokarov,T (2504) Dubai 2017}) 15. Rfd1 ({Much weaker is} 15. Bxb7 Rb8 $17) 15... Qa5 16. Ne5 {[%cal Rd5f7]} ({Avoid the trap} 16. Bxb7 $2 Rab8 $19) 16... Nxd5 17. Rxd5 Qa6 {And now ...Be6 would win.} 18. Nd7 Be6 19. Nxf8 Kxf8 20. Qb5 {Threatens to win with Qxa6.} Bxd5 21. Qxd5 Rd8 22. Qe4 h6 23. g3 b6 24. Rc1 f6 25. Kg2 {Hoping for Rc7.} Rc8 26. Rxc8+ Qxc8 27. Qd5 Ke8 28. h4 Qd7 29. Qg8+ Bf8 30. Qc4 $36 {[%mdl 2048] White has the initiative.} h5 31. Kh2 Be7 32. b3 Kf8 33. Qc2 Bd6 (33... Bb4 {with more complications.} 34. Qe4 Qe7 35. Qh7 Qe5 36. Qc2 Bc5) 34. Qe4 Bc5 (34... Be5 $11) 35. Bxc5+ $14 bxc5 {[%mdl 4096] Endgame KQ-KQ} 36. a5 ({Better is} 36. Qf3 $1 $16) 36... Qe7 $11 37. Qa8+ Kf7 38. a6 g6 39. Qd5+ Kg7 40. Qb7 Kf8 (40... Kf7 {feels hotter.} 41. Qa8 Kg7 42. Qc6 f5 43. Qd5 Kf6) 41. Kg2 Ke8 $1 42. Qa8+ Kf7 43. Qd5+ Kg7 44. Kf3 Kf8 (44... g5 $1 $11) 45. Qb7 (45. Kf4 $1 $16 Qc7+ 46. Ke4) 45... Ke8 $2 (45... g5 $11) 46. Qd5 (46. Qxe7+ $142 Kxe7 47. g4) 46... Kf8 $16 47. Kf4 $1 Qc7+ 48. Ke3 ({White must play} 48. Ke4 $1 $16) 48... Qc8 49. Qb7 Qd8 $1 50. Kf3 (50. Ke2 {is interesting.} Qe7+ 51. Kd3 g5 52. f3 Qd6+ 53. Kc4) 50... Qe7 $2 (50... Ke8 $1 $11) 51. Qxe7+ $1 Kxe7 {KP-KP} 52. g4 $1 {[%cal Rg4h5]} Kd6 53. gxh5 gxh5 54. Ke4 Kc6 55. f4 $1 Kb5 {[#]} 56. Kd5 $1 f5 57. Kd6 {Kc7 is the strong threat.} Kb6 58. Kd7 {Black must now prevent Kd6.} Ka5 $2 {[#]} (58... Kb5 $18 59. Kc7 Kxa6) 59. Kc7 $1 {[%cal Rc7b7] White mates.} Kxa6 60. Kc6 Ka5 61. Kxc5 Ka6 62. b4 Kb7 63. Kd5 {Accuracy: White = 66%, Black = 63%.} 1-0

[Event "FIDE WWCC 2020"]
[Site "Shanghai"]
[Date "2020.01.11"]
[Round "5.1"]
[White "Goryachkina, Aleksandra"]
[Black "Ju, Wenjun"]
[Result "1-0"]
[WhiteElo "2578"]
[BlackElo "2584"]
[Annotator "TA"]
[PlyCount "97"]
[EventDate "2020.01.05"]
[EventType "match"]
[EventCountry "CHN"]
[SourceTitle "playchess.com"]
[Source "ChessBase"]
[SourceQuality "1"]

{[%evp 10,102,12,14,25,0,0,1,16,0,10,19,24,25,30,26,30,21,20,0,0,0,0,0,59,33,54,43,48,38,63,55,76,69,75,64,78,81,60,44,45,46,60,18,79,55,110,104,91,60,133,126,138,56,55,44,39,44,35,49,331,331,322,342,338,292,296,305,358,291,346,355,349,338,348,355,393,379,515,505,504,486,479,448,613,616,650,1422,1397,556,1685,1569,29979,4718,29990]} 1. c4 Nf6 2. Nc3 e6 3. e4 d5 4. cxd5 exd5 5. e5 Ne4 6. Nf3 (6. Nxe4 dxe4 7. Qa4+ Nc6 $15) 6... Bf5 {A18: English Opening: Flohr-Mikenas System (1 c4 Nf6 2 Nc3 e6 3 e4)} 7. d3 Nxc3 8. bxc3 c5 {The position is equal.} 9. d4 Qa5 10. Bd2 {Hoping for c4.} Nc6 11. c4 {[%mdl 64] Discovered Attack} Qd8 12. Qb3 Be4 $146 ({Predecessor:} 12... Be6 13. Qxb7 Rc8 14. Ng5 Nxd4 15. Nxe6 fxe6 {½-½ (43) Nepomniachtchi,I (2768)-Anand,V (2771) Batumi 2018}) 13. Qxb7 Rc8 14. Bg5 Be7 15. Bxe7 $1 Nxe7 16. Qb5+ Qd7 ({Black should play} 16... Rc6 $11) 17. cxd5 Bxd5 18. Qxd7+ Kxd7 19. Bb5+ Ke6 20. Ng5+ $1 Kf5 21. h4 cxd4 22. Bd7+ {[%mdl 64] Double Attack} Kxe5 23. Bxc8 Rxc8 (23... Nxc8 24. O-O-O $16) 24. O-O Kd6 25. Rfe1 Rc2 26. a3 h6 (26... Ng6 $11) 27. Ne4+ $16 Bxe4 (27... Kd7 $14) 28. Rxe4 $14 {[%mdl 4096] Endgame KRR-KRN} Nc6 29. h5 g6 (29... Kd5 $14 30. Re8 d3) 30. Rf4 gxh5 31. Rxf7 (31. Rf6+ $16 Ke5 32. Rxf7 (32. Rxh6 d3 $14)) 31... d3 {White must now prevent ...d2.} 32. Rd1 d2 {...Rc1 is the strong threat.} 33. Rf3 Ne5 $1 34. Rf4 {Threatens to win with Rd4+.} Nc6 $2 {[%mdl 8192] [#]} (34... Nc4 $14) 35. Kf1 $1 $18 Ke5 {[#]} 36. Rf3 $1 Na5 37. Ke2 Nc4 38. Rh3 Ra2 39. Rxh5+ Kd4 40. Rh4+ ({Not} 40. Rxh6 Rxa3 41. Rh4+ Kc5 $18) 40... Kc5 41. Rh3 ({Resist} 41. Rxh6 Rxa3 42. g4 Rb3 $18) 41... a5 42. f4 ({Less strong is} 42. Rxh6 Rxa3 43. Rh5+ Kd4 $18) 42... Kd5 43. Rf3 Ke6 44. g4 a4 45. Rh3 Kd5 46. f5 Ke5 47. Rc3 Nxa3 48. Rc5+ (48. Re3+ $142 Kf6 49. Re6+ Kg7 50. Rxd2) 48... Kd6 49. Rc8 {Played: f5-f6} 1-0

[Event "FIDE WWCC 2020"]
[Site "Shanghai"]
[Date "2020.01.12"]
[Round "6.1"]
[White "Ju, Wenjun"]
[Black "Goryachkina, Aleksandra"]
[Result "1/2-1/2"]
[WhiteElo "2584"]
[BlackElo "2578"]
[Annotator "ChessBase"]
[PlyCount "210"]
[EventDate "2020.01.05"]
[EventType "match"]
[EventCountry "CHN"]
[SourceTitle "playchess.com"]
[Source "ChessBase"]
[SourceQuality "1"]
[TimeControl "40/5400+30:1800+30"]

1. e4 {[%emt 0:00:00]} e5 {[%emt 0:00:00]} 2. Nf3 {[%emt 0:00:00]} Nc6 {[%emt 0:00:00]} 3. Bb5 {[%emt 0:00:00]} Nf6 {[%emt 0:00:11]} 4. O-O {[%emt 0:00:10]} Nxe4 {[%emt 0:00:47]} 5. Re1 {[%emt 0:00:11]} Nd6 {[%emt 0:00:17]} 6. Nxe5 {[%emt 0:00:12]} Be7 {[%emt 0:00:39]} 7. Bf1 {[%emt 0:00:09]} Nxe5 {[%emt 0:00:17]} 8. Rxe5 {[%emt 0:00:05]} O-O {[%emt 0:00:12]} 9. d4 {[%emt 0:00:10]} Bf6 {[%emt 0:00:31]} 10. Re1 {[%emt 0:00:10]} Re8 {[%emt 0:01:37]} 11. c3 {[%emt 0:00:15]} Rxe1 {[%emt 0:09:12]} 12. Qxe1 {[%emt 0:00:05]} Nf5 {[%emt 0:01:33]} 13. a4 {[%emt 0:00:48]} d5 {[%emt 0:04:33]} 14. a5 {[%emt 0:00:16]} Be7 {[%emt 0:02:57]} 15. Nd2 {[%emt 0:07:33]} Bd6 {[%emt 0:00:51]} 16. Nf3 {[%emt 0:03:39]} Ne7 {[%emt 0:05:33]} 17. b3 {[%emt 0:06:15]} Bf5 {[%emt 0:03:30]} 18. c4 {[%emt 0:04:26]} c6 {[%emt 0:05:54]} 19. Bb2 {[%emt 0:21:14]} a6 {[%emt 0:06:43]} 20. Ne5 {[%emt 0:06:54]} Qf8 {[%emt 0:02:34]} 21. Qc3 {[%emt 0:03:13]} Rd8 {[%emt 0:05:43]} 22. Nd3 {[%emt 0:02:34]} Ng6 {[%emt 0:03:08]} 23. g3 {[%emt 0:09:57]} Be4 {[%emt 0:06:54]} 24. Bg2 {[%emt 0:00:50]} Bxg2 {[%emt 0:03:34]} 25. Kxg2 {[%emt 0:00:04]} Ne7 {[%emt 0:00:52]} 26. c5 {[%emt 0:02:57]} Bc7 {[%emt 0:01:04]} 27. Qb4 {[%emt 0:00:57]} Rb8 {[%emt 0:00:19]} 28. Re1 {[%emt 0:11:59]} Qd8 {[%emt 0:00:40]} 29. Bc3 {[%emt 0:00:04]} Ng6 {[%emt 0:06:08]} 30. Qa3 {[%emt 0:08:06]} h5 {[%emt 0:06:44]} 31. f4 {[%emt 0:03:06]} Qf6 {[%emt 0:05:52]} 32. Qb2 {[%emt 0:00:23]} Nh4+ {[%emt 0:01:46]} 33. Kh1 {[%emt 0:00:41]} Nf5 {[%emt 0:01:12]} 34. Qe2 {[%emt 0:02:18]} Qg6 {[%emt 0:00:52]} 35. b4 {[%emt 0:00:39]} Rd8 {[%emt 0:01:32]} 36. Qf3 {[%emt 0:00:52]} f6 {[%emt 0:02:18]} 37. Qe2 {[%emt 0:01:02]} Kh7 {[%emt 0:01:01]} 38. Nf2 {[%emt 0:00:50]} Rd7 {[%emt 0:05:26]} 39. Qd3 {[%emt 0:00:05]} Re7 {[%emt 0:02:47]} 40. Rxe7 {[%emt 0:00:00]} Nxe7 {[%emt 0:00:00]} 41. Qxg6+ {[%emt 0:06:55]} Kxg6 {[%emt 0:00:23]} 42. Kg2 {[%emt 0:00:02]} h4 {[%emt 0:06:46]} 43. Kf3 {[%emt 0:00:08]} hxg3 {[%emt 0:01:39]} 44. hxg3 {[%emt 0:00:03]} f5 {[%emt 0:00:56]} 45. Nd1 {[%emt 0:09:17]} Kf6 {[%emt 0:05:24]} 46. Ne3 {[%emt 0:01:01]} Ng6 {[%emt 0:00:28]} 47. Be1 {[%emt 0:05:42]} Nf8 {[%emt 0:02:07]} 48. Nd1 {[%emt 0:02:03]} Ne6 {[%emt 0:00:23]} 49. Bf2 {[%emt 0:00:04]} g5 {[%emt 0:02:55]} 50. Be3 {[%emt 0:00:06]} Kg6 {[%emt 0:02:15]} 51. Nc3 {[%emt 0:00:09]} Bd8 {[%emt 0:00:43]} 52. Ne2 {[%emt 0:00:40]} Kh5 {[%emt 0:02:45]} 53. Bf2 {[%emt 0:06:05]} Bf6 {[%emt 0:01:12]} 54. Be3 {[%emt 0:00:03]} gxf4 {[%emt 0:04:01]} 55. gxf4 {[%emt 0:00:03]} Bh4 {[%emt 0:00:11]} 56. Ng3+ {[%emt 0:00:34]} Bxg3 {[%emt 0:03:01]} 57. Kxg3 {[%emt 0:00:02]} Ng7 {[%emt 0:00:25]} 58. Bc1 {[%emt 0:02:14]} Ne8 {[%emt 0:00:02]} 59. Bd2 {[%emt 0:00:33]} Nf6 {[%emt 0:00:02]} 60. Be1 {[%emt 0:00:16]} Ne4+ {[%emt 0:02:18]} 61. Kh3 {[%emt 0:00:31]} Kg6 {[%emt 0:00:10]} 62. Kg2 {[%emt 0:01:12]} Kh6 {[%emt 0:00:53]} 63. Kh2 {[%emt 0:00:55]} Nf6 {[%emt 0:00:09]} 64. Kh3 {[%emt 0:03:29]} Ne8 {[%emt 0:00:23]} 65. Kg3 {[%emt 0:00:42]} Kh5 {[%emt 0:00:01]} 66. Kh3 {[%emt 0:00:17]} Nc7 {[%emt 0:00:08]} 67. Bc3 {[%emt 0:00:13]} Ne6 {[%emt 0:00:52]} 68. Kg3 {[%emt 0:00:03]} Kg6 {[%emt 0:00:16]} 69. Kf3 {[%emt 0:00:19]} Ng7 {[%emt 0:00:06]} 70. Be1 {[%emt 0:00:36]} Kh6 {[%emt 0:00:17]} 71. Kg3 {[%emt 0:00:32]} Nh5+ {[%emt 0:00:31]} 72. Kh2 {[%emt 0:01:38]} Nf6 {[%emt 0:01:38]} 73. Bd2 {[%emt 0:00:37]} Ng4+ {[%emt 0:00:21]} 74. Kh3 {[%emt 0:00:53]} Kg6 {[%emt 0:01:09]} 75. Kg2 {[%emt 0:00:12]} Nf6 {[%emt 0:00:27]} 76. Kh2 {[%emt 0:00:25]} Nh5 {[%emt 0:01:47]} 77. Kh3 {[%emt 0:00:16]} Kh6 {[%emt 0:00:19]} 78. Kh2 {[%emt 0:00:22]} Ng7 {[%emt 0:00:36]} 79. Kg2 {[%emt 0:00:12]} Ne8 {[%emt 0:00:51]} 80. Kh3 {[%emt 0:00:39]} Kg6 {[%emt 0:00:36]} 81. Kg2 {[%emt 0:00:10]} Nc7 {[%emt 0:00:47]} 82. Bc3 {[%emt 0:00:06]} Ne6 {[%emt 0:00:13]} 83. Kg3 {[%emt 0:00:06]} Ng7 {[%emt 0:00:13]} 84. Kg2 {[%emt 0:00:44]} Nh5 {[%emt 0:00:16]} 85. Bd2 {[%emt 0:00:28]} Kh6 {[%emt 0:00:40]} 86. Kh2 {[%emt 0:00:26]} Nf6 {[%emt 0:00:12]} 87. Kg2 {[%emt 0:00:23]} Ng4 {[%emt 0:00:09]} 88. Kf3 {[%emt 0:00:37]} Kg6 {[%emt 0:00:54]} 89. Kg2 {[%emt 0:00:30]} Nh6 {[%emt 0:00:38]} 90. Kh2 {[%emt 0:00:39]} Kh5 {[%emt 0:00:58]} 91. Kh3 {[%emt 0:00:09]} Nf7 {[%emt 0:00:47]} 92. Kg3 {[%emt 0:00:40]} Nd8 {[%emt 0:00:19]} 93. Be1 {[%emt 0:00:39]} Ne6 {[%emt 0:00:18]} 94. Bc3 {[%emt 0:00:07]} Nf8 {[%emt 0:00:14]} 95. Kh3 {[%emt 0:01:09]} Kg6 {[%emt 0:00:06]} 96. Bd2 {[%emt 0:01:19]} Kh6 {[%emt 0:00:07]} 97. Kg2 {[%emt 0:00:55]} Ne6 {[%emt 0:01:06]} 98. Be3 {[%emt 0:00:05]} Kh5 {[%emt 0:00:02]} 99. Kg3 {[%emt 0:01:23]} Nc7 {[%emt 0:00:49]} 100. Bc1 {[%emt 0:00:35]} Ne8 {[%emt 0:00:05]} 101. Bd2 {[%emt 0:00:18]} Nf6 {[%emt 0:00:07]} 102. Kh3 {[%emt 0:00:30]} Kh6 {[%emt 0:00:16]} 103. Kh2 {[%emt 0:00:59]} Ng4+ {[%emt 0:00:20]} 104. Kg2 {[%emt 0:00:17]} Kg6 {[%emt 0:00:10]} 105. Kh3 {[%emt 0:01:00]} Nf6 {[%emt 0:01:00]} 1/2-1/2